logo

Bir Sreshtho Munshi Abdur Rouf Library
Jhenaidah Cadet College

Bangladesh Genocide and World Press / (Record no. 4712)

MARC details
000 -LEADER
fixed length control field 00583nam a2200217 a 4500
001 - CONTROL NUMBER
JCCL Control Number 4712
003 - CONTROL NUMBER IDENTIFIER
JCCL marc code BD-JhCC
005 - DATE AND TIME OF LATEST TRANSACTION
control field 20171130130913.0
008 - FIXED-LENGTH DATA ELEMENTS--GENERAL INFORMATION
fixed length control field 171130s bg a|||| || | 000 0 eng d
035 ## - SYSTEM CONTROL NUMBER
system control number (BD-JhCC)4712
040 ## - CATALOGING SOURCE
Original cataloging agency BD-JhCC
Modifying agency BD-JhCC
041 ## - LANGUAGE CODE
Language code of Book eng
082 ## - DEWEY DECIMAL CLASSIFICATION NUMBER
Classification number 301.154395492
Author mark and Year BAN
100 ## - MAIN ENTRY--PERSONAL NAME
Personal name Bangladesh
245 ## - TITLE STATEMENT
Title Bangladesh Genocide and World Press /
Statement of responsibility, etc Fazlul Quader Quaderi (Edited)
260 ## - PUBLICATION, DISTRIBUTION, ETC. (IMPRINT)
Place of publication, distribution, etc Dacca :
Name of publisher, distributor, etc Begum Delafroz Chowdhury,
300 ## - PHYSICAL DESCRIPTION
Pagination 304 p. :
Dimensions 24 cm.
700 ## - ADDED ENTRY--PERSONAL NAME
Personal name Quaderi, Fazlul Quader (Edited)
942 ## - ADDED ENTRY ELEMENTS (KOHA)
Source of classification or shelving scheme Dewey Decimal Classification
Koha item type Books
Holdings
Source of classification or shelving scheme Damaged status Not for loan Home library Current library Shelving location Date of accession Cost, normal purchase price Total Checkouts Full call number Barcode Date last seen Copy number Koha item type
Dewey Decimal Classification     JCC Rouf Library JCC Rouf Library General Stacks 11/30/2017 15.00   301.154395492 BAN 6669 11/30/2017 C- 1 Books

JCC Library | Contacts | JCC Home

Last Update on 23 September 2017
Copyright @ 2017-2020 JCC Rouf Library
Rouf Library, Jhenidah Cadet College (JCC), Bangladesh